Boletín histórico no. 21 /

Guardado en:
Formato: Libro
Publicado: Bahía Blanca : Comisión de Reafirmación histórica, 1995
Materias:
Etiquetas: Agregar Etiqueta
Sin Etiquetas, Sea el primero en etiquetar este registro!
LEADER 00554nam a22001815a 4500
001 CEM.cems008920
005 20100507122337.0
008 130507s1995##################000#0#####d
003 CEMS
082 0 4 |a 982.1 
245 0 0 |a Boletín histórico no. 21 / 
260 |a Bahía Blanca :  |b Comisión de Reafirmación histórica,  |c 1995 
300 |a 63 p. 
653 |a Bahía blanca 
653 |a Bahía blanca-fundación 
653 |a Bahía blanca-historia 
653 |a Bahía blanca-primeros pobladores 
859 |a CEMS  |b BIB. CEMS - 11 de abril  |h 982.1  |i R243  |p 18435.95  |t Ej.1